| 000 | 00638nam a2200193Ia 4500 | ||
|---|---|---|---|
| 008 | 151121s9999||||xx |||||||||||||| ||und|| | ||
| 082 | _a813/वैद्य | ||
| 082 | _bHNW-65912 | ||
| 100 | _aवैद्य छबुताई कवीश्वर | ||
| 245 | _aओवाळणी | ||
| 260 | _b"सुरस प्रकाशन, सोलापूर।" | ||
| 260 | _c-- | ||
| 300 | _a183 | ||
| 600 | _aवैद्य छबुताई कवीश्वर | ||
| 630 | _aओवाळणी | ||
| 700 | _aवैद्य छबुताई कवीश्वर | ||
| 730 | _aओवाळणी | ||
| 942 | _cBOOK | ||
| 999 |
_c1247409 _d1247406 |
||